[Event "POL-chT 2nd League Juniors 2020"]
[Site "Sypniewo"]
[Date "2020.10.27"]
[Round "6.6"]
[White "Pastuszko, Katarzyna"]
[Black "Gaszka, Zuzanna"]
[Result "1-0"]
[WhiteElo "1251"]
[BlackElo "1417"]
[Annotator "NA RC"]
[PlyCount "97"]
[EventDate "2020.10.23"]
[EventType "team-tourn"]
[EventCountry "POL"]
[SourceTitle "playchess.com"]
[Source "ChessBase"]
[SourceQuality "1"]
[TimeControl "5400+30"]

1. e4 {[%emt 0:00:00]} e5 {[%emt 0:00:00]} 2. Nf3 {[%emt 0:00:00]} Nc6 {[%emt 0:00:00]} 3. Bc4 {[%emt 0:00:00]} Nf6 {[%emt 0:00:00]} 4. d3 {[%emt 0:00:00]} h6 {[%emt 0:00:00]} 5. O-O {[%emt 0:00:25]} d6 {[%emt 0:00:25]} 6. Re1 {[%emt 0:00:30]} g6 {[%emt 0:00:22]} 7. c3 {[%emt 0:00:32]} Bg7 {[%emt 0:00:23]} 8. a4 {[%emt 0:00:29]} a5 {[%emt 0:01:52]} 9. Nbd2 {[%emt 0:01:11]} O-O {[%emt 0:00:24]} 10. Nf1 {[%emt 0:01:10]} d5 {[%emt 0:03:48]} 11. exd5 {[%emt 0:04:06]} Nxd5 {[%emt 0:00:14]} 12. Qb3 {[%emt 0:09:25]} Nb6 {[%emt 0:12:56]} 13. Bd2 {[%emt 0:08:28]} Nxc4 14. dxc4 {[%emt 0:10:23]} Ra6 {[%emt 0:15:46]} 15. Be3 {[%emt 0:16:05]} e4 {[%emt 0:08:04]} 16. Rad1 {[%emt 0:02:52]} Qe7 {[%emt 0:01:41]} 17. Nd4 {[%emt 0:04:01]} Ne5 {[%emt 0:04:51]} 18. Nd2 {[%emt 0:07:58]} Nd3 {[%emt 0:04:02]} 19. Re2 {[%emt 0:09:12]} f5 {[%emt 0:05:51]} 20. f3 {[%emt 0:04:42]} f4 {[%emt 0:07:20]} 21. Nxe4 {[%emt 0:09:19]} Ne5 {[%emt 0:18:57]} 22. c5+ {[%emt 0:03:28]} Kh8 {[%emt 0:03:10]} 23. Bf2 {[%emt 0:00:49]} Bf5 {[%emt 0:03:01]} 24. Qxb7 {[%emt 0:02:06]} Raa8 {[%emt 0:00:57]} 25. Qb3 {[%emt 0:00:52]} Rab8 {[%emt 0:01:09]} 26. Qc2 {[%emt 0:00:37]} Qf7 {[%emt 0:01:14]} 27. b3 {[%emt 0:01:08]} Rfd8 {[%emt 0:00:48]} 28. Qd2 {[%emt 0:01:23]} g5 {[%emt 0:01:57]} 29. b4 {[%emt 0:00:57]} Nc4 {[%emt 0:00:56]} 30. Qa2 {[%emt 0:00:49]} axb4 {[%emt 0:00:38]} 31. Nd2 {[%emt 0:01:36]} b3 {[%emt 0:02:34]} 32. N2xb3 {[%emt 0:00:27]} Ne3 {[%emt 0:01:12]} 33. Bxe3 {[%emt 0:00:30]} fxe3 {[%emt 0:00:08]} 34. Rde1 {[%emt 0:00:16]} Bd3 {[%emt 0:01:04]} 35. Rb2 {[%emt 0:00:58]} Bxd4 {[%emt 0:00:37]} 36. Nxd4 {[%emt 0:00:11]} Bc4 {[%emt 0:00:47]} 37. Qb1 {[%emt 0:00:39]} Ra8 {[%emt 0:00:19]} 38. Rb4 {[%emt 0:00:29]} Re8 {[%emt 0:00:43]} 39. Qf5 {[%emt 0:00:24]} Qxf5 {[%emt 0:00:36]} 40. Nxf5 {[%emt 0:00:01]} Ba6 {[%emt 0:00:36]} 41. Rxe3 {[%emt 0:00:09]} Rxe3 {[%emt 0:00:09]} 42. Nxe3 {[%emt 0:00:02]} Re8 {[%emt 0:00:11]} 43. Kf2 {[%emt 0:00:12]} Rd8 {[%emt 0:00:04]} 44. Rd4 {[%emt 0:00:09]} Rb8 {[%emt 0:00:08]} 45. Rd7 {[%emt 0:01:03]} Rb2+ {[%emt 0:00:12]} 46. Kg3 {[%emt 0:00:14]} Bc8 {[%emt 0:01:01]} 47. Rd8+ {[%emt 0:00:07]} Kg7 {[%emt 0:00:09]} 48. Rxc8 {[%emt 0:00:08]} Ra2 {[%emt 0:00:19]} 49. Rxc7+ {[%emt 0:00:07]} 1-0

[Event "POL-chT 2nd League Juniors 2020"]
[Site "Sypniewo"]
[Date "2020.10.27"]
[Round "6.7"]
[White "Krawczyk, Wojciech"]
[Black "Twardowski, Hubert"]
[Result "1/2-1/2"]
[WhiteElo "2036"]
[BlackElo "1912"]
[Annotator "TA"]
[PlyCount "124"]
[EventDate "2020.10.23"]
[EventType "team-tourn"]
[EventCountry "POL"]
[SourceTitle "playchess.com"]
[Source "ChessBase"]
[SourceQuality "1"]

{[%evp 15,124,-8,-8,-18,0,0,0,-16,20,-43,-38,-50,0,0,0,-11,45,28,170,12,20,11,8,6,10,-9,-20,-25,-24,-33,0,-11,-10,-51,-5,-12,-4,-10,-4,-14,-3,-20,0,-13,0,-29,-5,-11,0,-11,0,0,0,-6,28,35,174,78,80,0,0,0,0,-12,-9,-9,-8,-20,-17,-24,-20,-47,0,-57,-57,-57,-57,-57,-57,-57,-57,-57,-57,-57,-57,-57,-57,-57,-57,-57,-57,-57,-57,-57,-57,-57,-57,-160,-145,-192,-184,-176,0,-104,0,-57,0,-166,-162,-158,0]} 1. d4 Nf6 2. c4 c5 3. e3 e6 4. Nc3 cxd4 5. exd4 d5 6. Nf3 Nc6 7. Be2 Be7 8. O-O O-O 9. c5 {B14: Caro-Kann: Panov-Botvinnik Attack with 5...e6 and 5...g6.} Ne4 10. Bb5 Nxc3 11. bxc3 {The position is equal.} Bd7 12. Bxc6 (12. Bf4 $11) 12... Bxc6 $15 13. Re1 Bf6 14. Ne5 Rc8 15. Qh5 Qa5 (15... b6 $11) 16. Re3 $14 {Threatens to win with Rh3.} Bxe5 (16... g6 $1 $11 {and Black is okay.} 17. Rg3 Bg7) 17. Qxe5 $2 (17. Rh3 $1 $18 {[%csl Gh3][%cal Rh5h7]} f5 18. dxe5) 17... Qc7 18. Qh5 {And now Rh3 would win.} Ba4 19. Rg3 {Threatening mate with Rxg7+!} f6 20. Bh6 Rf7 21. Re1 Re8 22. Bd2 Bc2 23. Qg4 Bf5 24. Qd1 e5 25. Qb3 Qc6 26. Rge3 {[%cal Rd4e5]} Rfe7 27. f3 Bg6 28. Qb4 Bf7 29. R1e2 Kf8 30. Kf2 Bg6 31. Re1 Bf7 32. a4 {[%cal Ba2a4,Ba4a5,Ba5b6][%mdl 32]} a6 33. a5 Bg6 34. Qb6 Qxb6 35. axb6 e4 (35... Re6 $14) 36. fxe4 (36. c4 $1 $18 {has better winning chances.}) 36... Bxe4 $16 37. Rg3 (37. c4 $16 {Black must now prevent c6!} Kf7 38. c6 bxc6 39. c5) 37... Re6 38. Bf4 Kf7 (38... g5 $5 {[%cal Rg5f4]} 39. Bd6+ Kf7 $11) 39. Bc7 Bc2 40. Rxe6 Rxe6 $11 {[%mdl 4096] Endgame KRB-KRB} 41. c4 Be4 $1 42. cxd5 Bxd5 43. Rd3 Rc6 44. g3 (44. Re3 $11) 44... Re6 $15 45. Ra3 Ke7 46. Rd3 Kd7 47. Re3 Kc6 48. Rxe6+ Bxe6 {KB-KB} 49. Ke3 Kd5 50. Kd3 Bf5+ 51. Kc3 Bd7 52. Bd6 Ke4 53. Bf8 $1 g6 $1 54. Be7 f5 55. Bg5 $1 Bc6 56. Bf4 (56. Kc4 $1 $15) 56... Bd5 $17 57. Bg5 Kf3 58. Bf4 Ke4 (58... a5 $19 59. Kb2 Ke4) 59. Bg5 $1 Bc6 60. Bf4 $1 Kf3 (60... a5 $15) 61. h4 $2 (61. Kc4 $11 Ke4 62. Bc1) 61... Bd5 $1 $19 62. Kd3 {[#]} Bc6 $2 {Av CentiPawn Loss W=-23/B=-19. Weighted=-28/-18} (62... h6 $1 $17 {[%mdl 512]} 63. Kc3 (63. Bxh6 Kxg3) 63... a5) 1/2-1/2

[Event "POL-chT 2nd League Juniors 2020"]
[Site "Sypniewo"]
[Date "2020.10.27"]
[Round "6.7"]
[White "Wysocki, Mateusz"]
[Black "Chaczynski, Kamil"]
[Result "0-1"]
[WhiteElo "1855"]
[BlackElo "1929"]
[Annotator "TA"]
[PlyCount "94"]
[EventDate "2020.10.23"]
[EventType "team-tourn"]
[EventCountry "POL"]
[SourceTitle "playchess.com"]
[Source "ChessBase"]
[SourceQuality "1"]

{[%evp 15,94,37,37,25,20,15,10,0,26,13,24,23,22,6,12,16,23,10,41,31,21,39,92,98,86,41,49,0,32,-44,28,-12,66,53,120,61,254,15,109,16,31,-122,-123,-125,-125,-121,-97,-197,-170,-188,-105,-106,-114,-112,-99,-106,-100,-107,-103,-106,-112,-111,-110,-112,-112,-107,-105,-106,-100,-98,-99,-99,-88,-98,-98,-99,-91,-138,-123,-152,-81]} 1. e4 e6 2. d4 d5 3. Nd2 c5 4. Ngf3 Nc6 5. exd5 Qxd5 6. Bc4 Qd8 7. dxc5 Bxc5 8. O-O Nf6 9. Nb3 {C07: French Tarrasch: 3...c5, 4 Ngf3 and 4 exd5 Qxd5.} Be7 10. Bf4 O-O 11. Qe2 {The position is equal.} b6 {[#]} (11... Nh5 $5 {[%cal Rh5f4]} 12. Bd2 Qc7 $11) 12. Rfd1 $146 ({Predecessor:} 12. Rad1 Qe8 13. c3 Bb7 14. Rfe1 Rd8 15. Bb5 Rxd1 16. Rxd1 Qc8 17. Qc2 a6 18. Bd3 {0-1 (37) Ucekajova,V (1732)-Murad,F Al Ain 2013}) 12... Qe8 13. a4 Bb7 14. a5 Nxa5 15. Nxa5 bxa5 16. Rxa5 Qc8 17. Bd3 Nd5 18. Be5 Bf6 (18... Rd8 $14) 19. Ra4 $36 {[%mdl 2048] White is in control.} Bxe5 20. Qxe5 Nf6 21. Rh4 Rd8 22. Re1 (22. Qe3 $14) 22... Rd5 (22... Bxf3 $1 $15 23. gxf3 Rd5) 23. Qg3 Qc5 (23... Ba6 $11) 24. Ne5 h5 (24... Rad8 $14) 25. h3 (25. c4 $16 Rd4 26. Qe3) 25... Rad8 $2 ({Black should play} 25... Rd4 $1 $14) 26. Qe3 $2 (26. Qg5 $18) 26... Qc7 (26... Qxe3 $11 {remains equal.} 27. Rxe3 a5) 27. Ra4 ({White should try} 27. Qg5 $16) 27... a5 28. b4 $2 {[#]} (28. Rf4 $14) 28... Rxe5 $1 $17 {[%mdl 576] Remove Defender} 29. Qxe5 Qc6 $1 {[%csl Gb7,LRa4,LRg2][%cal Rc6g2][%mdl 64] Double Attack} 30. Be4 Qxa4 31. Bxb7 (31. Qc7 $17 Bxe4 32. Qxd8+ Kh7 33. bxa5) 31... Qxb4 $19 32. Bf3 {[#]} a4 (32... Rc8 $1 $19 33. Rc1 a4 {[%mdl 64] Decoy}) 33. c3 $17 Qb3 34. Qa5 Rc8 {Strongly threatening ...a3.} 35. Ra1 Rxc3 {Threatens to win with ...a3.} 36. Qxa4 {[#]} Rc1+ $1 {[%mdl 512]} 37. Kh2 (37. Rxc1 Qxa4) 37... Qb8+ 38. g3 Rxa1 39. Qxa1 h4 40. Qd4 hxg3+ 41. fxg3 Qc7 42. h4 e5 43. Qd3 Qc5 44. Kg2 Qb4 45. Qc2 g6 46. Be2 Kg7 47. Qd1 e4 {Quite a comeback for Black. Av CentiPawn Loss W=-27/B=-23. Weighted=-36/-24} ({Better is} 47... Qb7+ 48. Kh3 Qc8+ 49. Kg2 Qa8+ 50. Kh3 Qc8+ 51. Kh2 e4) 0-1

[Event "POL-chT 2nd League Juniors 2020"]
[Site "Sypniewo"]
[Date "2020.10.27"]
[Round "6.8"]
[White "Malek, Jan"]
[Black "Wrona, Florian"]
[Result "1-0"]
[WhiteElo "1941"]
[BlackElo "1463"]
[Annotator "TA"]
[PlyCount "89"]
[EventDate "2020.10.23"]
[EventType "team-tourn"]
[EventCountry "POL"]
[SourceTitle "playchess.com"]
[Source "ChessBase"]
[SourceQuality "1"]

{[%evp 10,88,20,27,40,28,46,25,38,16,66,62,40,41,67,59,68,69,123,113,183,154,189,185,220,221,207,179,209,156,143,0,216,183,274,279,276,272,683,683,702,687,665,666,777,777,763,768,788,795,802,801,904,889,941,920,897,893,957,954,1000,979,29983,29984,29981,29982,29987,29988,29988,29988,29993,29994,29994,29995,29996,29996,29997,29998,29998,29999,29999]} 1. e4 c5 2. c3 d5 3. exd5 Qxd5 4. Nf3 Nc6 5. d4 Bf5 6. Be3 cxd4 {B22: Sicilian: 2 c3.} 7. Nxd4 Nxd4 8. Qxd4 Nf6 {White has an edge.} 9. Nd2 {[%cal Bb1d2,Bd2c4,Bc4a5][%mdl 32]} e5 10. Qa4+ $1 Bd7 11. Qb3 {[#] Black must now prevent Bc4.} Qxb3 12. axb3 a6 13. Nc4 Ng4 (13... Nd5 $14) 14. Bb6 $16 {[#]} f6 $146 (14... Be6 $16 {keeps fighting.}) ({Predecessor:} 14... Be6 15. h3 Nf6 16. Nxe5 Bxb3 17. Bb5+ Ke7 18. O-O Rc8 19. Ba4 Be6 20. Rfe1 Nd5 {½-½ (50) Sokolowski,J (1589)-Koehler,I (1968) Osnabrueck 2018}) 15. O-O-O Bc6 16. Na5 Be7 17. f3 Nh6 18. Bc4 Nf7 19. Be6 Nd8 20. Bc4 (20. Bg4 $16) 20... Nf7 $1 $18 21. Kc2 O-O (21... Nd6 $142 22. Be6 Bd7 23. Bxd7+ Kxd7 24. Nxb7 Kc6) 22. Nxc6 bxc6 23. Rd7 Rae8 $2 (23... Rfe8 24. Ra1 Kf8) 24. Rhd1 Kh8 {[#]} 25. Rxe7 $1 {[%mdl 576] Remove Defender} Rxe7 26. Bc5 {[%mdl 64] Skewer} Ree8 27. Bxf8 Rxf8 28. Bxf7 {[%mdl 4096] Endgame KRB-KR} g5 29. Bc4 a5 30. Rd6 Rc8 31. Rxf6 Rc7 32. Kd3 Kg7 33. Rf5 h6 34. Rxe5 c5 35. Ke4 Kh7 36. Kf5 {White mates.} Kg7 37. Re8 a4 38. bxa4 g4 39. fxg4 Kh7 40. Kf6 {[%cal Rc4d3]} Rc6+ 41. Be6 c4 42. Re7+ Kh8 43. Kg6 {[%csl Gg6][%cal Re7h7]} Rxe6+ 44. Rxe6 {[%cal Re6e8]} h5 45. Re8# {Av CentiPawn Loss W=-6/B=-74. Weighted=-8/-86} 1-0

[Event "POL-chT 2nd League Juniors 2020"]
[Site "Sypniewo"]
[Date "2020.10.27"]
[Round "6.8"]
[White "Niemier, Hubert"]
[Black "Wojtasik, Szymon"]
[Result "1-0"]
[WhiteElo "1771"]
[BlackElo "1380"]
[Annotator "NA RC"]
[PlyCount "73"]
[EventDate "2020.10.23"]
[EventType "team-tourn"]
[EventCountry "POL"]
[SourceTitle "playchess.com"]
[Source "ChessBase"]
[SourceQuality "1"]
[TimeControl "5400+30"]

1. d4 {[%emt 0:00:00]} d5 {[%emt 0:00:00]} 2. Bg5 {[%emt 0:00:00]} c6 {[%emt 0:04:30]} 3. e3 {[%emt 0:00:01]} Qb6 {[%emt 0:00:28]} 4. b3 {[%emt 0:00:21]} Bf5 {[%emt 0:02:40]} 5. Bd3 {[%emt 0:00:17]} Bg6 {[%emt 0:05:28]} 6. Nf3 {[%emt 0:00:34]} Nd7 {[%emt 0:01:01]} 7. O-O {[%emt 0:00:39]} e6 {[%emt 0:05:49]} 8. Qe2 {[%emt 0:04:55]} Ngf6 {[%emt 0:04:00]} 9. c4 a6 {[%emt 0:27:11]} 10. Nc3 {[%emt 0:03:15]} Bb4 {[%emt 0:02:10]} 11. Na4 {[%emt 0:03:37]} Qd8 {[%emt 0:04:18]} 12. Ne5 {[%emt 0:02:03]} Be7 {[%emt 0:05:21]} 13. Bxf6 {[%emt 0:03:42]} Nxf6 {[%emt 0:01:05]} 14. c5 {[%emt 0:04:28]} O-O {[%emt 0:08:47]} 15. Nb6 {[%emt 0:00:52]} Ra7 {[%emt 0:05:28]} 16. b4 {[%emt 0:03:49]} Qc7 {[%emt 0:00:54]} 17. a4 {[%emt 0:00:26]} a5 {[%emt 0:05:41]} 18. f4 {[%emt 0:00:40]} Ne4 {[%emt 0:03:52]} 19. Nxg6 {[%emt 0:04:55]} hxg6 {[%emt 0:00:02]} 20. Bxe4 {[%emt 0:00:10]} dxe4 {[%emt 0:00:02]} 21. Qc2 {[%emt 0:00:12]} f5 {[%emt 0:00:25]} 22. Qc4 {[%emt 0:00:12]} Kf7 {[%emt 0:05:40]} 23. b5 {[%emt 0:01:31]} Rb8 {[%emt 0:04:49]} 24. Qc3 {[%emt 0:01:32]} Bf6 {[%emt 0:01:42]} 25. Nc4 {[%emt 0:03:25]} Qd7 {[%emt 0:00:28]} 26. b6 {[%emt 0:00:37]} Ra6 {[%emt 0:00:26]} 27. Nxa5 {[%emt 0:00:53]} Rba8 {[%emt 0:00:33]} 28. Nc4 {[%emt 0:00:08]} Rxa4 {[%emt 0:00:20]} 29. Rxa4 {[%emt 0:00:05]} Rxa4 {[%emt 0:00:01]} 30. Nd6+ {[%emt 0:00:10]} Kf8 {[%emt 0:01:17]} 31. Ra1 {[%emt 0:00:08]} Rxa1+ {[%emt 0:00:29]} 32. Qxa1 {[%emt 0:00:04]} g5 {[%emt 0:00:30]} 33. Qa8+ {[%emt 0:00:13]} Bd8 {[%emt 0:00:30]} 34. Nxb7 {[%emt 0:01:05]} Ke7 {[%emt 0:00:02]} 35. Qxd8+ {[%emt 0:01:09]} Qxd8 {[%emt 0:00:01]} 36. Nxd8 {[%emt 0:00:07]} Kxd8 {[%emt 0:00:06]} 37. fxg5 {[%emt 0:00:04]} 1-0

[Event "POL-chT 2nd League Juniors 2020"]
[Site "Sypniewo"]
[Date "2020.10.27"]
[Round "6.9"]
[White "Duda, Szymon"]
[Black "Trzebinski, Patryk"]
[Result "1/2-1/2"]
[WhiteElo "1529"]
[BlackElo "1837"]
[Annotator "NA RC"]
[PlyCount "61"]
[EventDate "2020.10.23"]
[EventType "team-tourn"]
[EventCountry "POL"]
[SourceTitle "playchess.com"]
[Source "ChessBase"]
[SourceQuality "1"]
[TimeControl "5400+30"]

1. Nf3 {[%emt 0:00:00]} Nf6 {[%emt 0:00:00]} 2. d4 {[%emt 0:00:12]} c5 {[%emt 0:00:04]} 3. c3 {[%emt 0:00:53]} d5 {[%emt 0:00:28]} 4. Bf4 {[%emt 0:00:12]} Nc6 {[%emt 0:00:05]} 5. e3 {[%emt 0:00:13]} cxd4 {[%emt 0:00:13]} 6. cxd4 {[%emt 0:01:24] D02: 1 d4 d5 2 Nf3 sidelines, including 2...Nf6 3 g3 and 2...Nf6 3 Bf4.} Bf5 {[%emt 0:03:22]} 7. a3 {[%emt 0:00:45]} e6 {[%emt 0:01:36]} 8. Bd3 {[%emt 0:00:54]} Ne4 {[%emt 0:01:11]} 9. Nc3 {[%emt 0:01:10] [#]} Bd6 $146 {[%emt 0:01:20]} ({Predecessor:} 9... f6 10. O-O Bd6 11. Bxd6 Qxd6 12. Bxe4 Bxe4 13. Nxe4 dxe4 14. Nd2 e5 15. Nxe4 Qd8 16. dxe5 fxe5 17. Qxd8+ Rxd8 {1-0 (55) Tulienina,K-Bienko,J Maribor 2012}) 10. Bxd6 {[%emt 0:03:14]} Qxd6 {[%emt 0:00:06]} 11. Qb1 {[%emt 0:02:16]} Nxc3 {[%emt 0:01:10]} 12. bxc3 {[%emt 0:01:30]} Bxd3 {[%emt 0:00:03]} 13. Qxd3 {[%emt 0:00:23]} O-O {[%emt 0:00:09]} 14. c4 {[%emt 0:01:37]} e5 {[%emt 0:13:38]} 15. dxe5 {[%emt 0:07:27]} Nxe5 {[%emt 0:00:07]} 16. Qxd5 {[%emt 0:00:57]} Nxf3+ {[%emt 0:00:10]} 17. Qxf3 {[%emt 0:01:38]} Qd3 {[%emt 0:00:20]} 18. Rc1 {[%emt 0:02:15]} Rfd8 {[%emt 0:02:26]} 19. Qe2 {[%emt 0:00:29]} Qxa3 {[%emt 0:00:02]} 20. O-O {[%emt 0:00:14]} Rac8 {[%emt 0:01:09]} 21. Ra1 {[%emt 0:00:56]} Qc5 {[%emt 0:00:11]} 22. Rfb1 {[%emt 0:01:07]} Rd7 {[%emt 0:03:50]} 23. g3 {[%emt 0:02:17]} a6 {[%emt 0:04:40]} 24. Ra2 {[%emt 0:03:05]} Qxc4 {[%emt 0:02:42]} (24... Rcc7 $11) 25. Qxc4 {[%emt 0:00:41]} Rxc4 {[%emt 0:00:17]} 26. Rxa6 {[%emt 0:00:15]} Kf8 {[%emt 0:00:52]} 27. Ra7 {[%emt 0:02:22]} Rcc7 {[%emt 0:00:14]} 28. Kf1 {[%emt 0:00:34]} Ke7 {[%emt 0:00:09]} 29. Ke2 {[%emt 0:01:03]} Kd6 {[%emt 0:00:33]} 30. Ra2 {[%emt 0:00:34]} Rc5 {[%emt 0:01:51]} 31. Rab2 $14 {[%emt 0:01:23]} 1/2-1/2

[Event "POL-chT 2nd League Juniors 2020"]
[Site "Sypniewo"]
[Date "2020.10.27"]
[Round "6.9"]
[White "Doroba, Ludwik"]
[Black "Skrzypinski, Jan"]
[Result "0-1"]
[WhiteElo "1330"]
[BlackElo "1418"]
[Annotator "NA RC"]
[PlyCount "76"]
[EventDate "2020.10.23"]
[EventType "team-tourn"]
[EventCountry "POL"]
[SourceTitle "playchess.com"]
[Source "ChessBase"]
[SourceQuality "1"]
[TimeControl "5400+30"]

1. d4 {[%emt 0:00:00]} Nf6 {[%emt 0:00:00]} 2. c4 {[%emt 0:00:00]} g6 {[%emt 0:00:00]} 3. Nc3 {[%emt 0:00:00]} Bg7 {[%emt 0:00:00]} 4. e4 {[%emt 0:00:00]} d6 {[%emt 0:00:34]} 5. Be2 {[%emt 0:01:29]} Nbd7 {[%emt 0:01:57]} 6. Bg5 {[%emt 0:03:44]} O-O {[%emt 0:02:07]} 7. g4 {[%emt 0:03:08]} c5 {[%emt 0:00:43]} 8. d5 {[%emt 0:07:42]} Qa5 {[%emt 0:01:34]} 9. Bd2 {[%emt 0:04:40]} Qb6 {[%emt 0:02:53]} 10. Qb3 {[%emt 0:05:51]} Qxb3 {[%emt 0:03:20]} 11. axb3 {[%emt 0:00:08]} Ne5 {[%emt 0:01:10]} 12. h3 {[%emt 0:01:31]} Ne8 {[%emt 0:01:51]} 13. f4 {[%emt 0:04:03]} Nd7 14. Nf3 {[%emt 0:06:40]} a6 {[%emt 0:09:02]} 15. O-O-O {[%emt 0:05:29]} Rb8 {[%emt 0:01:41]} 16. Kc2 {[%emt 0:09:30]} Nc7 {[%emt 0:05:57]} 17. Rh2 {[%emt 0:10:19]} b5 {[%emt 0:04:00]} 18. Rdh1 {[%emt 0:02:54]} bxc4 {[%emt 0:02:55]} 19. bxc4 {[%emt 0:00:29]} Nb6 {[%emt 0:03:08]} 20. g5 {[%emt 0:03:43]} Bd7 {[%emt 0:00:38]} 21. h4 {[%emt 0:03:35]} Bg4 {[%emt 0:02:04]} 22. b3 {[%emt 0:03:55]} Rb7 {[%emt 0:06:17]} 23. Ne1 {[%emt 0:04:37]} Bxe2 {[%emt 0:01:24]} 24. Nxe2 {[%emt 0:01:04]} Rfb8 {[%emt 0:00:26]} 25. h5 {[%emt 0:01:44]} Nd7 {[%emt 0:02:41]} 26. hxg6 {[%emt 0:00:35]} hxg6 {[%emt 0:00:22]} 27. Bc3 {[%emt 0:01:28]} Bxc3 {[%emt 0:00:50]} 28. Nxc3 Nf8 {[%emt 0:00:03]} 29. f5 {[%emt 0:01:28]} Kg7 {[%emt 0:03:46]} 30. Nd3 {[%emt 0:01:23]} Rxb3 {[%emt 0:00:38]} 31. Rf2 {[%emt 0:00:40]} Ne8 {[%emt 0:00:17]} 32. Nb5 {[%emt 0:00:56]} Rxd3 {[%emt 0:00:52]} 33. Kxd3 {[%emt 0:00:03]} axb5 {[%emt 0:00:05]} 34. cxb5 {[%emt 0:01:07]} Rxb5 {[%emt 0:00:05]} 35. f6+ {[%emt 0:00:53]} exf6 {[%emt 0:00:06]} 36. gxf6+ {[%emt 0:00:08]} Nxf6 {[%emt 0:00:03]} 37. Rhf1 {[%emt 0:01:19]} N8d7 {[%emt 0:00:05]} 38. Kc2 {[%emt 0:00:29]} Rb4 {[%emt 0:00:12]} 0-1

[Event "POL-chT 2nd League Juniors 2020"]
[Site "Sypniewo"]
[Date "2020.10.27"]
[Round "6.10"]
[White "Malinowski, Szymon"]
[Black "Lapczynski, Jacek"]
[Result "1/2-1/2"]
[WhiteElo "1740"]
[BlackElo "1212"]
[Annotator "NA RC"]
[PlyCount "69"]
[EventDate "2020.10.23"]
[EventType "team-tourn"]
[EventCountry "POL"]
[SourceTitle "playchess.com"]
[Source "ChessBase"]
[SourceQuality "1"]
[TimeControl "5400+30"]

1. d4 d5 {[%emt 0:00:32]} 2. Nf3 {[%emt 0:00:00]} Nf6 {[%emt 0:01:24]} 3. Bf4 {[%emt 0:00:10]} Nbd7 {[%emt 0:02:51]} 4. e3 {[%emt 0:00:12]} e6 {[%emt 0:01:22]} 5. Bd3 {[%emt 0:00:49]} c5 {[%emt 0:01:24]} 6. c3 {[%emt 0:00:30]} Be7 {[%emt 0:02:02]} 7. O-O {[%emt 0:00:43]} O-O {[%emt 0:01:03]} 8. Nbd2 {[%emt 0:00:21]} b6 {[%emt 0:02:58]} 9. a3 {[%emt 0:02:44]} a5 {[%emt 0:03:53]} 10. Ne5 {[%emt 0:04:05]} Nxe5 {[%emt 0:02:24]} 11. Bxe5 {[%emt 0:00:11]} Ba6 {[%emt 0:01:03]} 12. Bxa6 {[%emt 0:02:11]} Rxa6 {[%emt 0:01:51]} 13. Nf3 {[%emt 0:06:28]} Ra8 {[%emt 0:03:55]} 14. Qe2 {[%emt 0:08:12]} c4 {[%emt 0:12:51]} 15. a4 {[%emt 0:01:57]} Bd6 {[%emt 0:02:15]} 16. Bxf6 {[%emt 0:01:28]} Qxf6 {[%emt 0:01:26]} 17. e4 {[%emt 0:00:13]} Qd8 {[%emt 0:07:03]} 18. e5 {[%emt 0:01:02]} Be7 {[%emt 0:00:53]} 19. Nd2 {[%emt 0:00:16]} Qd7 {[%emt 0:01:28]} 20. f4 {[%emt 0:01:07]} Rfb8 {[%emt 0:01:28]} 21. f5 {[%emt 0:10:53]} exf5 {[%emt 0:02:07]} 22. Qf3 {[%emt 0:11:59]} g6 {[%emt 0:02:11]} 23. Rf2 {[%emt 0:01:52]} b5 {[%emt 0:02:29]} 24. axb5 {[%emt 0:00:11]} Rxb5 {[%emt 0:02:35]} 25. Nxc4 {[%emt 0:00:42]} Qc6 {[%emt 0:01:39]} 26. Ne3 {[%emt 0:01:15]} Bg5 {[%emt 0:01:14]} 27. Qg3 {[%emt 0:06:21]} Bxe3 {[%emt 0:04:35]} 28. Qxe3 {[%emt 0:00:09]} Qb6 {[%emt 0:02:22]} 29. Ra2 {[%emt 0:04:33]} Re8 {[%emt 0:04:08]} 30. g4 fxg4 {[%emt 0:01:28]} 31. Qf4 {[%emt 0:10:22]} Qe6 {[%emt 0:02:16]} 32. Ra1 {[%emt 0:02:14]} Reb8 {[%emt 0:02:11]} 33. Ra2 {[%emt 0:04:02]} Re8 {[%emt 0:04:36]} 34. Ra1 {[%emt 0:06:35]} Reb8 {[%emt 0:00:26]} 35. Ra2 {[%emt 0:03:15]} 1/2-1/2